• 首页
  • 本馆介绍
  • 公告通知
  • 最新文献
  • 馆藏检索
  • 电子资源
  • 读者导购
  • 参考咨询
  • 我的图书馆
  • 登录
  • 详细信息显示
  • 放入我的书架
  • 预约/预借图书
  • 作者相关作品
  • 分类相关作品
  • 丛书相关作品
  • 出版社相关作品

书目信息

  • 表格格式
  • 工作单格式
  • 卡片格式
题名:
东亚经济中的美日关系研究
    
 
作者: 张德明 著
分册:  
出版信息: 北京   人民出版社  2003
页数: 401页
开本: 20cm
丛书名:
单 册:
中图分类: F114.46
科图分类:
主题词: 日美关系:经济关系--研究--1945~2000 , 地区经济--经济关系--研究--东亚
电子资源:
ISBN: 7-01-003790-6
000 01156nam0 2200325 450
000 01119nam0 2200313 450
000 01117nam0 2200325 450
000 01063nam0 2200301 450
000 01081nam0 2200289 450
000 01044nam0 2200277 45
001 TS2006021651
005 20061226093915.65
010    @a7-01-003790-6@dCNY23.00
100    @a20060829d2003 emky0chiy0110 ea
101 0  @achi
102    @aCN@b110000
105    @ay a 000yy
200 1  @a东亚经济中的美日关系研究@ADong Ya Jing Ji Zhong De Mei Ri Guan Xi Yan Jiu@e1945~2000@f张德明著@FZhang De Ming Zhu
210    @a北京@c人民出版社@d2003
215    @a401页@d20cm
320    @a有书目 (384-398页)
330    @a本书研究内容包括东亚经济中的美日融洽时期,东亚经济中的美日对立以及经济政策斗智,东亚经济的美日竞争与合作等方面。
606 0  @a日美关系:经济关系@x研究@z1945~2000
606    @a地区经济@x经济关系@x研究@y东亚
690    @aF114.46@v4
701  0 @a张德明@AZhang De Ming@4著
801  0 @aCN@b中图数据@c20061226
905    @a10447@dF114.46@e109
    
    东亚经济中的美日关系研究:1945~2000/张德明著.-北京:人民出版社,2003
    401页;20cm
    
    
    ISBN 7-01-003790-6:CNY23.00
    本书研究内容包括东亚经济中的美日融洽时期,东亚经济中的美日对立以及经济政策斗智,东亚经济的美日竞争与合作等方面。
●
相关链接 在E读中查询图书 在五车中查询图书 在当当中查询图书 在豆瓣中查询图书


正题名:东亚经济中的美日关系研究     索取号:F114.46/109         预约/预借

序号 登录号 条形码 馆藏地/架位号 状态 备注
1 0601274   206012740   第一样本阅览室/ [索取号:F114.46/109] 在馆    
2 0601275   206012759   第一借阅区/ [索取号:F114.46/109] 在馆    
3 0601276   206012768   第一借阅区/ [索取号:F114.46/109] 在馆    
4 0601277   206012777   第一借阅区/ [索取号:F114.46/109] 在馆    
5 0601278   206012786   第一借阅区/ [索取号:F114.46/109] 在馆    
唐山师范学院图书馆 欢迎您!
大连网信软件有限公司© 版权所有